Psychopatológia každodenného života O zabúdaní, prerieknutí, prechmate, povere a omyle

Saved in:
Bibliographic Details
Main Author: Freud, Sigmund
Format: Book
Language:Slovak
Published: Bratislava Danubiaprint 1993
Edition:1. vyd.
Subjects:
Tags: Add Tag
No Tags, Be the first to tag this record!

MARC

LEADER 00000nam a2200000 4500
001 c002526
005 20221214082735.6
020 |a 80218-0092-5 
041 0 |a slo 
044 |a SK 
245 1 0 |a Psychopatológia každodenného života  |b O zabúdaní, prerieknutí, prechmate, povere a omyle  |c Sigmund Freud 
250 |a 1. vyd. 
264 1 |a Bratislava  |b Danubiaprint  |c 1993 
300 |a 247 s. 
610 2 0 |a psychológia 
610 2 0 |a Freud, S. 
100 1 |a Freud, Sigmund